Science Quiz

Random Science Quiz
Score 0/50 Timer 04:00
5 Plays Today
# Answer % Correct
636
86.3%
864
86.3%
24
86.2%
525
85.9%
10100
85.9%
39
85.9%
11121
85.8%
12144
85.8%
416
85.8%
981
85.7%
749
85.5%
30900
85.4%
11
85.4%
14196
85.4%
401600
85.4%
20400
85.4%
15225
85.4%
13169
85.2%
502500
85.1%
16256
84.6%
25625
84.6%
21441
84.6%
22484
84.4%
17289
83.9%
19361
83.6%
# Answer % Correct
18324
83.3%
31961
83.1%
23529
83%
351225
82.8%
26676
82.6%
27729
82.5%
321024
82.3%
29841
82.2%
24576
82.1%
331089
81%
28784
80.4%
452025
80.2%
411681
80%
381444
79.6%
341156
79.5%
391521
79.3%
361296
79.1%
492401
78.6%
441936
77.7%
421764
77.3%
482304
77.3%
462116
77.2%
472209
76.7%
371369
76.6%
431849
76.3%
Remove Ads.
Support Sporcle.
Get the best of Sporcle when you Go Orange. This ad-free experience offers more features, more stats, and more fun while also helping to support Sporcle. Thank you for becoming a member.

You're not logged in!

Compare scores with friends on all Sporcle quizzes.
OR
Log In

Show Comments

Extras

Created Oct 28, 2014ReportNominate
Tags:1-50, Order, Square

Top Quizzes Today


Score Distribution

Your Account Isn't Verified!

In order to create a playlist on Sporcle, you need to verify the email address you used during registration. Go to your Sporcle Settings to finish the process.

Report this User

Report this user for behavior that violates our Community Guidelines.

Details: